00000000nas##2200000za#4500
0019.508651
003CaOODSP
00520241105150724
007ta
008150406c1991||||xxc|| p #||||f|   |0fre|d
022 |a0008-4670
040 |aCaOODSP|bfre
041 |aeng
041 |afre
043 |an-cn---
0861 |aRG42-1
1102 |aOffice de la propriété intellectuelle du Canada.
24513|aLa gazette du Bureau des brevets
260 |aOttawa - Ontario : |bIndustrie Canada. |c1991.
310 |aHebdomadaire
500 |aIndex des demandes canadiennes mises à la disponibilité du public.
563 |aCouverture souple
69107|aBrevet|2gcpds
7760#|tCanadian Patent Office record |w(CaOODSP)9.500441
7760#|tThe Patent Office record |w(CaOODSP)9.802459
791 |tThe Patent Office record |eeng|w(CaOODSP)9.508650